Vista normal
Vista MARC
Entrada Personal Name
Número de registros utilizados en: 1
001 - CONTROL NUMBER
- control field: 14288
003 - CONTROL NUMBER IDENTIFIER
- control field: DLC
005 - DATE AND TIME OF LATEST TRANSACTION
- control field: 20230609125355.0
008 - FIXED-LENGTH DATA ELEMENTS
- fixed length control field: 180504n| azannaabn |n aaa
010 ## - LIBRARY OF CONGRESS CONTROL NUMBER
- LC control number: n 2018183868
035 ## - SYSTEM CONTROL NUMBER
- System control number: (DNLM)1781943
040 ## - CATALOGING SOURCE
- Original cataloging agency: DNLM
- Language of cataloging: spa
- Transcribing agency: Mx-PuUPA
- Description conventions: rda
- Modifying agency: Mx-PuUPA
100 1# - HEADING--PERSONAL NAME
- Personal name: Kula, Katherine,
374 ## - OCCUPATION
- Occupation: Editor
375 ## - GENDER
- Gender: mujer
377 ## - ASSOCIATED LANGUAGE
- Language code: eng
670 ## - SOURCE DATA FOUND
- Source citation: Cephalometry in orthodontics, 2018:
- Information found: ECIP title page (Katherine Kula) galley (MS, DMD)